| 000 | 00546nam a2200241 a 4500 | ||
|---|---|---|---|
| 001 | nice12345678 | ||
| 003 | IN_TiNIC | ||
| 005 | 20260116011845.0 | ||
| 008 | 050524s1970 boma grp 000 0 eng | ||
| 020 |
_a _c100 |
||
| 082 | 0 | 0 |
_a230 _bSSP |
| 100 | _a, | ||
| 245 | _aTheologians Answer Your Question. | ||
| 260 |
_aBombay _bSt.Paul Publications _c1970 |
||
| 300 | _a224p | ||
| 500 | _aincludes index and biblioraphy | ||
| 505 | 2 | _aindex | |
| 650 | _aTheology | ||
| 700 | 1 | _a, | |
| 902 | _bSRS | ||
| 942 | _cBK | ||
| 999 |
_c4486 _d4486 |
||